• 首页
  • 本馆介绍
  • 公告通知
  • 最新文献
  • 馆藏检索
  • 电子资源
  • 读者导购
  • 参考咨询
  • 我的图书馆
  • 登录
  • 详细信息显示
  • 放入我的书架
  • 预约/预借图书
  • 作者相关作品
  • 分类相关作品
  • 丛书相关作品
  • 出版社相关作品

书目信息

  • 表格格式
  • 工作单格式
  • 卡片格式
题名:
中国古代剧场史
    
 
作者: 廖奔 著
分册:  
出版信息: 郑州   中州古籍出版社  1997
页数: 177页,[70]叶图版
开本: 26cm
丛书名: 中国传统文化研究丛书
单 册:
中图分类: J892.4
科图分类:
主题词: 戏剧事业
电子资源:
ISBN: 7-5348-1531-2
000 00638nam0 2200217 45
001 0205291430
005 20031219104056.2
010    @a7-5348-1531-2@b精装@dCNY42.00
100    @a20020529d1997 km y0chiy0120 ea
101 0  @achi
105    @aaf z 000yy
200 1  @a中国古代剧场史@AZhong Guo Gu Dai Ju Chang Shi@f廖奔著@FLiao Ben Zhu
210    @a郑州@c中州古籍出版社@d1997
215    @a177页,[70]叶图版@c彩图,图版@d26cm
225    @a中国传统文化研究丛书
410    @12001 @a中国传统文化研究丛书
606 0  @a戏剧事业
690    @aJ892.4@v4
701    @a廖奔@4著
801    @aCN@bTSTC@c20020529
905    @b310738-739@dJ892.4@e48@f2
    
    中国古代剧场史/廖奔著.-郑州:中州古籍出版社,1997
    177页,[70]叶图版:彩图,图版;26cm.-(中国传统文化研究丛书)
    
    
    ISBN 7-5348-1531-2(精装):CNY42.00
    
●
相关链接 在E读中查询图书 在五车中查询图书 在当当中查询图书 在豆瓣中查询图书


正题名:中国古代剧场史     索取号:J892.4/48         预约/预借

序号 登录号 条形码 馆藏地/架位号 状态 备注
1 0310738   203107388   第一借阅区/ [索取号:J892.4/48] 在馆    
2 0310739   203107397   第一样本阅览室/ [索取号:J892.4/48] 在馆    
唐山师范学院图书馆 欢迎您!
大连网信软件有限公司© 版权所有